000 01250cam a22002651i 4500
003 SA-RiAUC
005 20250126075607.0
008 250125s1997 le g 00000cara c
040 _aSA-RiAUC
_bara
_cSA-RiAUC
_erda
082 0 4 _a922.583
_qSA-RiAUC
090 _a922.583
_bا ب ن م
100 1 _aابن الملقن، عمر بن علي بن أحمد،
_d723-804 هجري
_eمؤلف.
245 1 2 _aالعقد المذهب في طبقات حملة المذهب /
_cتأليف سراج الدين أبي حفص عمر بن علي بن أحمد الأندلسي التكروني الشافعي المعروف بابن الملقن ؛ حققه وعلق عليه أيمن نصر الأزهري، سيد مهني.
250 _aالطبعة الأولى.
264 1 _aبيروت :
_bدار الكتب العلمية،
_c1997
300 _a643 صفحة ؛
_c24 سم
336 _aنص
_btxt
_2rdacontent
_3كتاب
337 _aبدون وسيط
_bn
_2rdamedia
338 _aمجلد
_bnc
_2rdacarrier
650 7 _aالفقهاء الشافعية
_vتراجم
_2aucsh
700 1 _aالأزهري، أيمن نصر
_eمحقق.
700 1 _aمهني، سيد محمد
_eمحقق.
942 _2ddc
_cBOOK
_n0
949 _aSA-JeALM
_d250125
_uosman123
_n1
999 _c5256
_d5256